| 000 | 00708nam a22002057a 4500 | ||
|---|---|---|---|
| 003 | OSt | ||
| 005 | 20210302115152.0 | ||
| 008 | 210302s1969 ck ||||gr|||| 00| 0 spa d | ||
| 040 |
_aCO-JMCR _cCO-JMCR |
||
| 041 | 0 | _aspa | |
| 082 | 0 | 4 |
_a918.04 / _bL559v _223 |
| 100 | 1 |
_aLe Moyne, Augusto, _eautor _914228 |
|
| 245 | 1 | 0 |
_aViaje y estancia en la Nueva Granada / _cAugusto Le Moyne ; editor, Jorge Luis Arango |
| 260 |
_aBogotá : _bEdiciones Guadalupe, _c1969 |
||
| 300 |
_a243 páginas ; _c17 cm. |
||
| 490 | 0 |
_aBiblioteca Schering Corporation U.S.A. _aSerie viajes ; _v92 |
|
| 651 | 4 |
_aColombia _xdescripciones y viajes _y1828-1839 _914229 |
|
| 700 | 1 |
_aArango, Jorge Luis, _eeditor _914230 |
|
| 942 |
_2ddc _cBK |
||
| 999 |
_c7405 _d7405 |
||